[Event "WCh Women 2017"]
[Site "masterchessopen.com Tehran IRI"]
[Date "2017.02.16"]
[Round "2.5"]
[White "Guramishvili,S"]
[Black "Buksa,N"]
[Result "0-1"]
[WhiteElo "2357"]
[BlackElo "2302"]

1.Nf3 Nf6 2.c4 e6 3.e3 d5 4.b3 c5 5.Bb2 Nc6 6.cxd5 exd5 7.Bb5 Be6 8.O-O Qb6
9.Bxc6+ Qxc6 10.Bxf6 gxf6 11.d4 b6 12.Qc2 Rc8 13.Nbd2 Be7 14.Rac1 Qd7 15.dxc5
bxc5 16.Qb2 O-O 17.Rfd1 Qb7 18.Nf1 Kh8 19.Ng3 Rg8 20.Nh4 Qb4 21.f4 d4 22.Nhf5
Bd8 23.exd4 cxd4 24.Rxc8 Bxc8 25.a3 Qc3 26.Qxc3 dxc3 27.Rc1 Bb6+ 28.Kh1 Rd8
29.h3 Rd3 30.Kh2 Be6 31.b4 h5 32.Nh4 Be3 33.Rf1 c2 34.Ne2 Rd1 {#R} 0-1

[Event "WCh Women 2017"]
[Site "masterchessopen.com Tehran IRI"]
[Date "2017.02.16"]
[Round "2.6"]
[White "Tan Zhongyi"]
[Black "Ushenina,A"]
[Result "0-1"]
[WhiteElo "2502"]
[BlackElo "2444"]

1.d4 d5 2.c4 c6 3.Nf3 Nf6 4.Nc3 dxc4 5.a4 Bf5 6.e3 e6 7.Bxc4 Bb4 8.O-O Nbd7
9.Qe2 O-O 10.e4 Bg6 11.Bd3 Bh5 12.e5 Nd5 13.Nxd5 cxd5 14.Qe3 Be7 15.Ng5 Bxg5
16.Qxg5 Bg6 17.Bxg6 fxg6 18.Qxd8 Raxd8 19.Be3 Nb8 20.b4 Nc6 21.Rab1 Rc8
22.Rfc1 Kf7 23.Rc3 Ke7 24.g4 Kd7 25.Kg2 Ne7 26.Rc5 b6 27.Rxc8 Rxc8 28.b5 Rc4
29.Ra1 Rb4 30.Kf3 h6 31.Kg3 Kc7 32.Ra3 Kb7 33.h4 a6 34.bxa6+ Kxa6 35.f4 h5
36.f5 gxf5 37.Bg5 f4+ 38.Kh3 hxg4+ 39.Kxg4 Nf5 40.Kh5 Rxd4 41.Rf3 Rxa4 42.Kg6
Re4 43.h5 Rxe5 44.Rxf4 b5 45.Rb4 Re2 46.Bf4 Ka5 47.Rb1 b4 48.Ra1+ Kb5 49.Ra7
b3 50.Rb7+ Kc4 51.Bc1 Rg2+ 52.Kh7 Kc3 53.Rc7+ Kd3 54.Rb7 Kc2 55.Ba3 d4 56.Rb6
Re2 57.Rc6+ Kb1 58.Bf8 d3 {#R} 0-1

[Event "WCh Women 2017"]
[Site "masterchessopen.com Tehran IRI"]
[Date "2017.02.16"]
[Round "2.6"]
[White "Batsiashvili,N"]
[Black "Khurtsidze,N"]
[Result "1-0"]
[WhiteElo "2492"]
[BlackElo "2383"]

1.d4 Nf6 2.Nf3 d5 3.Bf4 c5 4.e3 Nc6 5.Nbd2 cxd4 6.exd4 Bf5 7.c3 Qb6 8.Qb3 Qxb3
9.axb3 a6 10.b4 Rc8 11.Nb3 Nd7 12.b5 axb5 13.Bxb5 Bc2 14.Na5 f6 15.Nxb7 e5
16.dxe5 fxe5 17.Nxe5 Ndxe5 18.Bxe5 Kf7 19.Bxc6 Ke6 20.f4 Be7 21.Ra6 {#r} 1-0

[Event "WCh Women 2017"]
[Site "masterchessopen.com Tehran IRI"]
[Date "2017.02.16"]
[Round "2.6"]
[White "Huang Qian"]
[Black "Pogonina,N"]
[Result "0-1"]
[WhiteElo "2451"]
[BlackElo "2487"]

1.c4 e6 2.b3 d5 3.Bb2 Nf6 4.e3 b6 5.Nf3 Bb7 6.Be2 Nbd7 7.O-O Bd6 8.cxd5 exd5
9.Nd4 g6 10.f4 O-O 11.Bf3 c5 12.Ne2 Re8 13.Nbc3 Bf8 14.Qc2 Rc8 15.Ng3 Ba6
16.Rfe1 d4 17.Nd1 Bg7 18.Nf2 Nf8 19.e4 d3 20.Qb1 Ne6 21.e5 Nd5 22.Nge4 Nexf4
23.Nd6 Nb4 24.Nxe8 Qxe8 25.Re4 Ne6 26.Rxb4 cxb4 27.Nxd3 Qb5 28.Nf2 Bxe5
29.Bxe5 Qxe5 30.Qe1 Qxe1+ 31.Rxe1 Rc2 32.Ne4 Rxa2 33.Rc1 Kg7 34.h3 Ra3 35.Bd1
Bd3 36.Nf2 Bb5 37.Ne4 a5 38.Kf2 Bd3 39.Nd6 Nc5 40.Nc8 Bf5 41.Nxb6 Nd3+ {#R}
0-1

[Event "WCh Women 2017"]
[Site "masterchessopen.com Tehran IRI"]
[Date "2017.02.16"]
[Round "2.6"]
[White "Buksa,N"]
[Black "Guramishvili,S"]
[Result "1-0"]
[WhiteElo "2302"]
[BlackElo "2357"]

1.e4 d6 2.d4 Nf6 3.Nc3 g6 4.f4 Bg7 5.Nf3 O-O 6.Bd3 Nc6 7.O-O e5 8.fxe5 dxe5
9.d5 Nd4 10.Nxe5 Nxe4 11.Bxe4 Bxe5 12.Bf4 Bg7 13.Qd2 Re8 14.Rae1 Bd7 15.Bd3
Rxe1 16.Rxe1 Nf5 17.Nb5 Bxb5 18.Bxb5 Bd4+ 19.Kh1 Qxd5 20.c4 Qc5 21.b4 Qb6
22.Bd7 Qf6 23.Rd1 Bc3 24.Qd3 Ng7 25.Bxc7 Bxb4 26.Qd5 Qa6 27.Bb5 Qxa2 28.Qxb7
Rf8 29.Qf3 a5 30.Be5 Qc2 31.Rf1 Nf5 32.h3 Bd6 33.Bxd6 Nxd6 34.Qd5 Nf5 35.Rf3
a4 36.Kh2 Nh4 37.Rg3 Nf5 38.Qd3 Qf2 39.Rf3 Qa7 40.Kh1 Nd4 41.Re3 Ne6 42.Qa3
Ra8 43.Bc6 Rb8 44.Re1 Qf2 45.Qe3 Qxe3 46.Rxe3 Rb1+ 47.Kh2 Ra1 48.Bd5 Nf4
49.Bf3 Rc1 50.c5 Rxc5 51.Re8+ Kg7 52.Ra8 Rc4 53.Bd1 Rc1 54.Bxa4 h5 55.h4 Nd3
56.Bb3 Ne5 57.Bd5 Ng4+ 58.Kg3 Ne3 59.Be4 Rc4 60.Kf3 Ng4 61.Ra3 f5 62.Bd5 Rd4
63.Ba8 Kh6 64.Kg3 f4+ 65.Kf3 Ne5+ 66.Ke2 Rb4 67.Bf3 Rb2+ 68.Ke1 Rb1+ 69.Kf2
Rb2+ 70.Kg1 Ng4 71.Kf1 Rb1+ 72.Ke2 Rh1 73.Ra4 Rxh4 74.Rxf4 Kg5 75.Ra4 Rh2
76.Rb4 Ne5 77.Rb5 Kf6 78.Kf2 Rh1 79.Rb6+ Kg7 80.Re6 Nd3+ 81.Kg3 g5 82.Be4 Nf4
83.Re5 Kh6 84.Ra5 Re1 85.Bf3 Re6 86.Rb5 Rf6 87.Rc5 Nd3 88.Ra5 h4+ 89.Kh3 Nf2+
90.Kh2 g4 91.Bxg4 Nxg4+ 92.Kh3 Ne3 93.Kxh4 Nxg2+ 94.Kg3 Ne3 95.Rb5 Nf5+ 96.Kg4
Kg6 97.Ra5 Nd6 98.Rd5 Ne4 99.Re5 Nf2+ 100.Kg3 Nd3 101.Ra5 Rf1 102.Kg4 Kf6
103.Kg3 Ne5 104.Ra8 Kg5 105.Ra5 Kf5 106.Rb5 Rf3+ 107.Kg2 Rc3 108.Rb4 Ng4
109.Ra4 Kg5 110.Ra8 Ne3+ 111.Kf3 Nd5+ 112.Ke4 Nf6+ 113.Kd4 Rc1 114.Ra2 Rd1+
115.Ke5 Ng4+ 116.Ke4 Re1+ 117.Kf3 Re3+ 118.Kg2 Kh4 119.Ra4 Rc3 120.Ra2 Rb3
121.Ra4 Rd3 122.Ra2 Rg3+ 123.Kf1 Ne3+ 124.Ke1 Rg1+ 125.Kf2 Rg2+ 126.Kxe3 Rxa2
{#r} 1-0

[Event "WCh Women 2017"]
[Site "masterchessopen.com Tehran IRI"]
[Date "2017.02.16"]
[Round "2.8"]
[White "Ushenina,A"]
[Black "Tan Zhongyi"]
[Result "0-1"]
[WhiteElo "2444"]
[BlackElo "2502"]

1.d4 b5 2.e3 a6 3.Be2 Bb7 4.Bf3 d5 5.a4 Nf6 6.axb5 axb5 7.Rxa8 Bxa8 8.Qd3 c6
9.Bd2 Nbd7 10.Bb4 e5 11.Qa3 Bxb4+ 12.Qxb4 Qe7 13.Qxe7+ Kxe7 14.c3 Bb7 15.Kd2
Ra8 16.Na3 g5 17.g4 Nb6 18.h4 h6 19.hxg5 hxg5 20.Kc2 e4 21.Be2 Bc8 22.Nh3 Bxg4
23.Bxg4 Nxg4 24.Nxg5 Rg8 25.Nh3 Rh8 26.b3 Nd7 27.Nb1 Nf8 28.Nd2 Ne6 29.c4 f5
30.cxd5 cxd5 31.f3 Nxe3+ 32.Kc3 Rc8+ 33.Kb4 Nc2+ 34.Kxb5 Nexd4+ 35.Kb6 e3
36.Nf4 exd2 37.Nxd5+ Kd6 38.Rd1 Kxd5 39.Rxd2 Rb8+ {#R} 0-1

[Event "WCh Women 2017"]
[Site "masterchessopen.com Tehran IRI"]
[Date "2017.02.16"]
[Round "2.8"]
[White "Guramishvili,S"]
[Black "Buksa,N"]
[Result "1-0"]
[WhiteElo "2357"]
[BlackElo "2302"]

1.d4 d5 2.Nf3 Nf6 3.c3 e6 4.Bg5 Be7 5.Nbd2 b6 6.e3 Bb7 7.Bd3 Nbd7 8.O-O Ne4
9.Bxe7 Qxe7 10.Qc2 f5 11.c4 O-O 12.cxd5 Nxd2 13.Nxd2 Bxd5 14.Qxc7 Rfc8 15.Qg3
Qb4 16.Nb3 Bxb3 17.axb3 Qxb3 18.Ba6 Rc2 19.Bb7 Rf8 20.Rxa7 Rf7 21.Bf3 Nf8
22.Rxf7 Kxf7 23.Bd1 Qxb2 24.Bxc2 Qxc2 25.Qb8 Qb3 26.Qb7+ Kg8 27.h3 Qb2 28.Qe7
b5 29.Qc5 h5 30.d5 exd5 31.Qxd5+ Kh8 32.Qxf5 Kg8 33.Rb1 Qc3 34.Rxb5 g6 35.Qd5+
Kg7 36.Qe5+ Qxe5 37.Rxe5 Kf6 38.Ra5 Nh7 39.h4 Nf8 40.f4 Nd7 41.Kf2 Ke6 42.Kf3
Kf6 43.Ra6+ Ke7 44.Ra7 Ke6 45.Rxd7 Kxd7 46.g4 Ke6 47.gxh5 gxh5 48.e4 Kf6
49.Ke3 Ke6 50.Kd4 Kf6 51.Kd5 Kg6 52.Ke6 Kh6 53.f5 Kg7 54.Ke7 Kh6 55.f6 Kg6
56.f7 Kh7 57.f8=Q Kg6 58.Qg8+ Kh6 59.Qg5+ Kh7 60.Qxh5+ Kg7 61.Ke6 Kg8 62.Kf6
Kf8 63.Qh8# 1-0

[Event "WCh Women 2017"]
[Site "masterchessopen.com Tehran IRI"]
[Date "2017.02.16"]
[Round "2.9"]
[White "Batsiashvili,N"]
[Black "Khurtsidze,N"]
[Result "0-1"]
[WhiteElo "2492"]
[BlackElo "2383"]

1.d4 Nf6 2.Nf3 d5 3.Bf4 c5 4.e3 Nc6 5.Nbd2 cxd4 6.exd4 Bf5 7.c3 e6 8.Qb3 Qc8
9.Nh4 Be4 10.Nxe4 dxe4 11.g3 Be7 12.Ng2 Nd5 13.Bb5 O-O 14.O-O a6 15.Bxc6 Qxc6
16.Rae1 Nxf4 17.Nxf4 Bd6 18.Ng2 Rac8 19.Re3 Qd5 20.Rfe1 f5 21.R3e2 Qxb3
22.axb3 Kf7 23.Ne3 g6 24.Nc4 Bc7 25.f3 exf3 26.Rxe6 f4 27.g4 Rfe8 28.Rxe8 Rxe8
29.Rxe8 Kxe8 30.Kf2 Kf7 31.Kxf3 Kf6 32.h4 h5 33.g5+ Kf5 34.d5 b5 35.Nd2 Ke5
36.c4 Kd4 37.Ne4 bxc4 38.d6 Bd8 39.bxc4 Kxc4 40.d7 a5 41.Nd6+ Kb3 42.Kxf4 a4
43.Ke5 Kxb2 44.Nb5 Kb3 45.Ke6 Kb4 46.Nd4 Kc3 47.Nc6 Bc7 48.Ne7 Bd8 49.Nxg6 a3
50.Nf4 a2 51.g6 a1=Q 52.g7 Qa2+ 53.Nd5+ Kd4 {#R} 0-1

[Event "19th Lienz Open 2017"]
[Site "masterchessopen.com Lienz AUT"]
[Date "2017.02.16"]
[Round "7.1"]
[White "Sanal,V"]
[Black "Moskalenko,A"]
[Result "1-0"]
[WhiteElo "2475"]
[BlackElo "2488"]

1.Nf3 Nf6 2.g3 b6 3.Bg2 Bb7 4.b3 g6 5.Bb2 Bg7 6.O-O O-O 7.c4 c5 8.d3 d5 9.cxd5
Bxd5 10.Nbd2 Na6 11.Nc4 Qc7 12.Rc1 Rac8 13.e4 Bb7 14.Qe2 Rfd8 15.Bh3 e6 16.Bg2
Nb4 17.Be5 Qe7 18.Rfd1 Nc6 19.Bb2 Ne8 20.e5 Ba6 21.h4 h5 22.a3 Bh6 23.Rb1 Rc7
24.Nfd2 b5 25.Ne3 Nd4 26.Qe1 Rcd7 27.f4 Nf5 28.Nxf5 exf5 29.d4 cxd4 30.b4 Ng7
31.Nb3 Ne6 32.Na5 Rc8 33.Nc6 Qe8 34.Nxd4 Bb7 35.Bxb7 Rxb7 36.Qe2 Rc4 37.Nc2
Qc6 38.Ne3 Re4 39.Rd6 Qc8 40.Qd3 Bf8 41.Rc1 Rc7 42.Rxc7 Qxc7 43.Nd5 Bxd6
44.Nxc7 Bxc7 45.Qxb5 Bb6+ 46.Kg2 Re3 47.Qc4 Re4 48.Qc2 Re1 49.Qd3 Re4 50.Bc1
Re1 51.Bb2 Re4 52.Qd2 Be3 53.Qc2 Bb6 54.Bc3 Rc4 55.Qd2 Re4 56.Qd1 Re3 57.Qc2
Nc7 58.Bd4 Bxd4 59.Qxc7 Bb6 60.Qc8+ Kg7 61.a4 Re2+ 62.Kf1 Rf2+ 63.Ke1 Ra2
64.Qd7 Ra1+ 65.Ke2 Ra2+ 66.Kd3 Ra1 67.Kc2 Re1 68.a5 Bf2 69.b5 Re2+ 70.Kd3 Re3+
71.Kd2 Re4 72.b6 axb6 73.a6 b5 74.Qxb5 Be3+ 75.Kc2 Bf2 76.Qd7 Re2+ 77.Kd1 Re4
78.Kc2 Re2+ 79.Kd3 Re1 80.Kd2 Re4 81.a7 Bxa7 82.Qxa7 Kg8 83.Kd3 Re1 84.Kc4
Rc1+ 85.Kd5 Rd1+ 86.Kc6 Rd3 87.Qf2 Kf8 88.Kc5 Ke8 89.Qc2 Rd8 90.Qb3 Ke7 91.Kc6
Rc8+ 92.Kb7 Rd8 93.Kc7 Rd7+ 94.Kc6 Rd8 95.Qb7+ Kf8 96.Qc7 Re8 97.Qd6+ Kg7
98.Kd7 Ra8 99.Qd4 Kg8 100.Ke7 Rb8 101.Qd5 Rf8 102.Kf6 Kh7 103.Qxf7+ {#r} 1-0

[Event "19th Lienz Open 2017"]
[Site "masterchessopen.com Lienz AUT"]
[Date "2017.02.16"]
[Round "7.2"]
[White "Schreiner,Pe"]
[Black "Romanov,E"]
[Result "0-1"]
[WhiteElo "2494"]
[BlackElo "2644"]

1.d4 Nf6 2.c4 d6 3.g3 Nbd7 4.Bg2 e5 5.Nf3 Be7 6.Nc3 O-O 7.O-O c6 8.Qc2 a5
9.Rd1 Qc7 10.b3 Re8 11.Bb2 Bf8 12.d5 Nc5 13.Nd2 Bd7 14.a3 Na6 15.Rac1 Rac8
16.Qb1 Qb8 17.Ba1 cxd5 18.Nxd5 Nxd5 19.Bxd5 Nc7 20.Bg2 f5 21.c5 Nb5 22.cxd6
Nxa3 23.Rxc8 Qxc8 24.Qa2 Qc2 25.Qxc2 Nxc2 26.Nc4 Nxa1 27.Rxa1 e4 28.Rxa5 g6
29.f3 b5 30.Ra7 Be6 31.Na5 Bxd6 32.Rb7 Bc5+ 33.Kh1 Rd8 34.h4 Rd1+ 35.Kh2 Re1
36.Rxb5 Bg1+ 37.Kh3 f4+ 38.g4 Rxe2 39.Re5 exf3 40.Rxe6 Rxg2 {#R} 0-1

[Event "19th Lienz Open 2017"]
[Site "masterchessopen.com Lienz AUT"]
[Date "2017.02.16"]
[Round "7.3"]
[White "Sebenik,M"]
[Black "Kanmazalp,O"]
[Result "1-0"]
[WhiteElo "2534"]
[BlackElo "2431"]

1.e4 e6 2.d4 d5 3.Nd2 c5 4.exd5 exd5 5.Ngf3 Nc6 6.Bb5 Qe7+ 7.Be2 Qc7 8.O-O Nf6
9.Re1 cxd4 10.Nb3 Bb4 11.Bd2 Bxd2 12.Qxd2 O-O 13.Nfxd4 Bd7 14.Nxc6 bxc6 15.Nc5
Qb6 16.Na4 Qc7 17.Qd4 Rfe8 18.f3 Ng4 19.g3 Re7 20.Bd3 Ne5 21.Bxh7+ Kxh7
22.Qh4+ Kg6 23.Qxe7 Nxf3+ 24.Kf2 Re8 25.Qb4 Rxe1 26.Rxe1 Nxe1 27.Qxe1 Bf5
28.Qd2 Qe5 29.c3 Qe4 30.Nc5 Qh1 31.Ke3 Qg1+ 32.Qf2 Qc1+ 33.Kd4 f6 34.Nb7 Qd1+
35.Kc5 Qa4 36.Qe2 Qxa2 37.Qe8+ Kg5 38.Qe3+ Kg6 39.Kxc6 Qa4+ 40.Kc7 Qd7+ 41.Kb8
Qb5 42.b4 a6 43.Kc7 Qd7+ 44.Kb6 Qb5+ 45.Ka7 Bc8 46.Qb6 Qd3 47.Qd4 Qb5 48.Na5
Qd7+ 49.Kb6 Qd6+ 50.Nc6 Bd7 51.Qxd5 {#r} 1-0

[Event "19th Lienz Open 2017"]
[Site "masterchessopen.com Lienz AUT"]
[Date "2017.02.16"]
[Round "7.5"]
[White "Singer,C"]
[Black "Salomon,J"]
[Result "0-1"]
[WhiteElo "2330"]
[BlackElo "2477"]

1.e4 c5 2.Nf3 d6 3.d4 cxd4 4.Qxd4 Nf6 5.Bg5 Nc6 6.Bb5 Qa5+ 7.Nc3 Qxb5 8.Nxb5
Nxd4 9.Nfxd4 Nxe4 10.Nc7+ Kd8 11.Nxa8 Nxg5 12.Nb5 a6 13.Nc3 Bd7 14.Nb6 Bc6
15.Nbd5 Ne6 16.O-O-O g5 17.h4 g4 18.Rhe1 h5 19.g3 Bg7 20.Kb1 Rh6 21.Ne4 Be5
22.c4 Nd4 23.Ng5 Bxd5 24.cxd5 Rf6 25.Re4 Nf3 26.Nxf3 Rxf3 27.Rd2 f5 28.Rc4 f4
29.gxf4 Bf6 30.Rdc2 Ke8 31.Kc1 Kf7 32.Kd1 Bxh4 33.Ke1 Bf6 34.Ke2 Bh4 35.Ke1 b5
36.Re4 Rd3 37.Rd2 Rxd2 38.Kxd2 Bxf2 39.Ke2 Bh4 40.a4 Bf6 41.axb5 axb5 42.Rb4
Kg6 43.Rxb5 h4 44.Kf2 Bd4+ 45.Kg2 Kf5 46.Rb7 Be3 47.Rxe7 h3+ 48.Kf1 Kxf4
49.Rh7 Kg3 50.Rg7 Bd4 51.Rg6 Kf3 52.Rh6 Bxb2 53.Rxd6 g3 54.Rg6 h2 {#R} 0-1

[Event "19th Lienz Open 2017"]
[Site "masterchessopen.com Lienz AUT"]
[Date "2017.02.16"]
[Round "7.6"]
[White "Yilmazyerli,M"]
[Black "Christiansen,Johan-Sebastian"]
[Result "1-0"]
[WhiteElo "2454"]
[BlackElo "2432"]

1.d4 d5 2.Bf4 Nf6 3.e3 c5 4.c3 Nc6 5.Nd2 cxd4 6.exd4 Bf5 7.Ngf3 e6 8.Qb3 Qd7
9.Ne5 Qc8 10.Bb5 a6 11.Bxc6+ bxc6 12.Qa4 Bd6 13.Bg3 Bxe5 14.Bxe5 O-O 15.O-O
Nd7 16.Bd6 Re8 17.Qa5 Qb7 18.Nb3 Bc2 19.Qa3 Qb5 20.Rfc1 Be4 21.Re1 Nb6 22.Na5
Na4 23.Bb4 Nb6 24.b3 Nd7 25.c4 Qb6 26.Bc5 Qc7 27.Bd6 Qb6 28.c5 Qb5 29.b4 Bc2
30.Qc3 Ba4 31.Re3 Nf6 32.f3 Red8 33.Be5 Nd7 34.Bc7 Rdc8 35.Bd6 Nf8 36.g4 Rd8
37.Rae1 Ng6 38.Bg3 h5 39.h3 h4 40.Bh2 Nf8 41.a3 f6 42.Qd2 Kf7 43.R3e2 Ng6
44.Kg2 Rd7 45.Bd6 Rdd8 46.f4 f5 47.Kh2 Rac8 48.Re3 Ra8 49.Qf2 Rac8 50.Qg2 fxg4
51.hxg4 Nf8 52.f5 h3 53.Qf2 Kg8 54.fxe6 Nh7 55.Qf7+ Kh8 56.Be5 Rg8 57.e7 {#r}
1-0

[Event "19th Lienz Open 2017"]
[Site "masterchessopen.com Lienz AUT"]
[Date "2017.02.16"]
[Round "7.7"]
[White "Gusain,H"]
[Black "Bao,Q"]
[Result "1-0"]
[WhiteElo "2438"]
[BlackElo "2376"]

1.e4 e5 2.Nf3 Nf6 3.Nc3 Bb4 4.a3 Bxc3 5.dxc3 O-O 6.Bg5 d6 7.Bd3 Be6 8.Qe2 Nbd7
9.Nd2 h6 10.Be3 Ng4 11.f3 Nxe3 12.Qxe3 Nc5 13.h4 c6 14.Bc4 b5 15.Bxe6 Nxe6
16.g3 a5 17.O-O-O Qe7 18.f4 b4 19.Nc4 bxa3 20.Nxa3 exf4 21.gxf4 Nc5 22.e5 Rfe8
23.Rde1 d5 24.Rhg1 Ne4 25.Rg2 Qxh4 26.Reg1 g6 27.Nc4 a4 28.Kb1 Rab8 29.Nd2
Nxd2+ 30.Qxd2 Qh3 31.Rh2 Qf5 32.Rxh6 a3 33.b4 Qe4 34.Qh2 Kf8 35.Qh4 Rxb4+
36.Ka1 Qxf4 37.Rh8+ Kg7 38.Qh7# 1-0

[Event "19th Lienz Open 2017"]
[Site "masterchessopen.com Lienz AUT"]
[Date "2017.02.16"]
[Round "7.8"]
[White "Feige,M"]
[Black "Hauge,Lars Oskar"]
[Result "1-0"]
[WhiteElo "2382"]
[BlackElo "2450"]

1.d4 Nf6 2.c4 c5 3.d5 b5 4.cxb5 a6 5.bxa6 g6 6.Nc3 Bg7 7.e4 O-O 8.Nf3 Qa5
9.Nd2 Bxa6 10.Be2 d6 11.O-O Nbd7 12.Nc4 Bxc4 13.Bxc4 Rfb8 14.Qc2 Nb6 15.Be2
Na4 16.Nd1 Qb4 17.f3 Nd7 18.Rb1 Nc3 19.Nxc3 Bxc3 20.b3 Ra7 21.Kh1 Bf6 22.a4 e6
23.dxe6 fxe6 24.Bd2 Qa3 25.f4 Kg7 26.Bc4 Nf8 27.e5 dxe5 28.Ra1 {#r} 1-0

[Event "19th Lienz Open 2017"]
[Site "masterchessopen.com Lienz AUT"]
[Date "2017.02.16"]
[Round "7.9"]
[White "Navalgund,N"]
[Black "Diermair,A"]
[Result "0-1"]
[WhiteElo "2327"]
[BlackElo "2465"]

1.d4 Nf6 2.c4 e6 3.g3 d5 4.Nf3 Bb4+ 5.Bd2 Bd6 6.Nc3 O-O 7.Qc2 Nc6 8.c5 Be7
9.Bf4 b6 10.cxb6 axb6 11.Bg2 Nb4 12.Qb1 c5 13.O-O Ba6 14.Rd1 Nh5 15.e4 Nxf4
16.gxf4 c4 17.Ne1 Bb7 18.a3 Na6 19.b4 Nc7 20.f3 Qd7 21.Nc2 Bc6 22.Ne3 f5 23.e5
Kh8 24.Rf1 Bh4 25.Qc2 Ba4 26.Qd2 Rg8 27.Kh1 g6 28.Rg1 Qg7 29.Ncd1 Qh6 30.Bf1
Bb3 31.Nb2 Ra7 32.Nbd1 Rga8 33.Qc1 Be7 {#R} 0-1

[Event "7th Ferdowsi Open 2017"]
[Site "masterchessopen.com Mashhad IRI"]
[Date "2017.02.16"]
[Round "5.1"]
[White "Pacher,M"]
[Black "Gabuzyan,H"]
[Result "1-0"]
[WhiteElo "2466"]
[BlackElo "2594"]

1.e4 c5 2.Nf3 d6 3.d4 cxd4 4.Nxd4 Nf6 5.Nc3 a6 6.h4 b5 7.a4 b4 8.Nd5 Bb7 9.Bc4
Nbd7 10.Bg5 e6 11.Nxf6+ Nxf6 12.Qe2 h6 13.Bxf6 Qxf6 14.Bb5+ Ke7 15.Nc6+ Bxc6
16.Bxc6 Qxb2 17.O-O Rb8 18.Qe3 Rc8 19.Qa7+ Kf6 20.Qxa6 Be7 21.a5 g5 22.Qc4 Rc7
23.a6 Ra7 24.Bb7 Qe5 25.Qxb4 d5 26.Qb6 Bd6 27.f4 gxf4 28.exd5 f3 29.Rxf3+ Ke7
30.Ra4 Rg8 31.Raf4 f5 32.Qxa7 {#r} 1-0

[Event "7th Ferdowsi Open 2017"]
[Site "masterchessopen.com Mashhad IRI"]
[Date "2017.02.16"]
[Round "5.2"]
[White "Tologontegin,S"]
[Black "Idani,P"]
[Result "0-1"]
[WhiteElo "2423"]
[BlackElo "2563"]

1.Nf3 c5 2.e3 g6 3.d4 Bg7 4.c4 Nf6 5.Nc3 cxd4 6.exd4 d5 7.Bg5 Ne4 8.Be3 Nxc3
9.bxc3 O-O 10.cxd5 Qxd5 11.Qb3 Qa5 12.Bc4 Nc6 13.O-O Qc7 14.Be2 Be6 15.c4 Rfd8
16.Rfd1 Na5 17.Qb4 Bxc4 18.Bxc4 Nxc4 19.Rac1 Rac8 20.Nd2 b5 21.Qxb5 Nd6 22.Qb1
Qd7 23.Rxc8 Rxc8 24.Nb3 Nf5 25.Qd3 Qa4 26.Rd2 Rd8 27.Qc3 Qd7 28.Qc4 Re8 29.Nc5
Qd6 30.g3 e5 31.dxe5 Nxe3 32.exd6 Nxc4 33.d7 Rd8 34.Nb7 Nxd2 35.Nxd8 Nf3+
36.Kg2 Ne5 37.Ne6 Nxd7 {#R} 0-1

[Event "7th Ferdowsi Open 2017"]
[Site "masterchessopen.com Mashhad IRI"]
[Date "2017.02.16"]
[Round "5.3"]
[White "Chigaev,M"]
[Black "Venkatesh,M"]
[Result "1-0"]
[WhiteElo "2540"]
[BlackElo "2403"]

1.e4 c5 2.Nf3 e6 3.d4 cxd4 4.Nxd4 Nc6 5.Nc3 Qc7 6.Be3 a6 7.Qd2 Nf6 8.f3 Bb4
9.a3 Be7 10.g4 O-O 11.O-O-O b5 12.g5 Nh5 13.Nf5 exf5 14.Nd5 Qb7 15.exf5 Bd8
16.Bh3 d6 17.Bg4 Ne5 18.Bxh5 Bxf5 19.f4 Nd3+ 20.Qxd3 Bxd3 21.Rxd3 Rc8 22.Bf3
Qd7 23.h4 Re8 24.Kb1 a5 25.Bd4 b4 26.h5 bxa3 27.Rxa3 Rc4 28.Rd3 Rxd4 29.Rxd4
Qa7 30.Re4 Rxe4 31.Bxe4 Qd4 32.Nc3 g6 33.h6 Qf2 34.Nd5 a4 35.Rd1 Kf8 36.c3 Qc5
37.Rd4 Qa5 38.Ka2 f6 39.gxf6 Kf7 40.Bc2 Bxf6 41.Rxa4 Qc5 42.Bb3 Bd8 43.Nb6+ d5
44.Nxd5 Ke8 45.Ra8 Qd6 46.Ba4+ Kf7 47.Bb3 Bh4 48.Nb6+ Kf6 49.Rf8+ Qxf8 50.Nd7+
Ke7 51.Nxf8 Kxf8 52.Bc2 Kf7 53.f5 g5 54.f6 g4 55.Bxh7 Bg5 56.Bf5 {#r} 1-0

[Event "7th Ferdowsi Open 2017"]
[Site "masterchessopen.com Mashhad IRI"]
[Date "2017.02.16"]
[Round "5.4"]
[White "Vignesh,N R"]
[Black "Quparadze,G"]
[Result "0-1"]
[WhiteElo "2403"]
[BlackElo "2498"]

1.e4 c5 2.Nf3 e6 3.d4 cxd4 4.Nxd4 a6 5.Bd3 Bc5 6.Nb3 Be7 7.Qg4 Bf6 8.O-O Nc6
9.f4 d6 10.Qe2 Nge7 11.a4 O-O 12.a5 Ng6 13.Nc3 Bxc3 14.bxc3 e5 15.f5 Nf4
16.Bxf4 exf4 17.Qd2 Qf6 18.Bc4 Ne5 19.Bd5 Rb8 20.Qxf4 Bd7 21.Nd4 Rfc8 22.Qg3
Bc6 23.Nxc6 bxc6 24.Ba2 h6 25.Qe3 Rc7 26.Rfd1 Rb5 27.Bb3 Kh7 28.Ba4 Rc5 29.Qd4
Rd7 30.Bb3 Qd8 31.Qb4 Qg5 32.Kh1 Ng4 33.Rf1 Qh4 34.h3 Nf2+ 35.Kh2 Nxe4 36.Rf3
Qe7 37.Re1 d5 38.f6 Qd6+ 39.Kg1 Nxf6 40.Qb6 Rb5 41.Qxa6 Qc7 42.Ra1 Ne4 43.Qa8
Ng5 44.Re3 Rd8 45.Qa6 Ne6 46.Rxe6 fxe6 47.c4 dxc4 48.Bxc4 Qe5 {#R} 0-1

[Event "7th Ferdowsi Open 2017"]
[Site "masterchessopen.com Mashhad IRI"]
[Date "2017.02.16"]
[Round "5.5"]
[White "Savchenko,S"]
[Black "Sharif,Me"]
[Result "1-0"]
[WhiteElo "2469"]
[BlackElo "2392"]

1.Nf3 d5 2.d4 Nf6 3.c4 e6 4.Nc3 Nbd7 5.Bf4 dxc4 6.e3 b5 7.Nxb5 Bb4+ 8.Nc3 Nd5
9.a3 Nxc3 10.Qd2 Nd5 11.axb4 Nxf4 12.exf4 Nb6 13.Be2 Bb7 14.O-O O-O 15.Ne5 Qd6
16.Rfd1 f6 17.Nxc4 Nxc4 18.Bxc4 Rfb8 19.Rac1 Bd5 20.Bxd5 exd5 21.Rc5 Rb7
22.Rdc1 Re8 23.b5 Qd7 24.g3 Re7 25.Qa5 Qf5 26.Qa2 Rd7 27.Qa6 Rb8 28.Qxa7 Re8
29.Rxc7 {#r} 1-0

[Event "St Louis Winter GM 2017"]
[Site "masterchessopen.com Saint Louis USA"]
[Date "2017.02.16"]
[Round "1.1"]
[White "Ali Marandi,C"]
[Black "Kumar,Nikhil"]
[Result "1-0"]
[WhiteElo "2495"]
[BlackElo "2479"]

1.e4 c6 2.d4 d5 3.f3 e6 4.Nc3 Bb4 5.a3 Bxc3+ 6.bxc3 dxe4 7.Qe2 exf3 8.Qxf3 Nf6
9.Bd3 Nbd7 10.Qe2 Qe7 11.Nf3 b6 12.O-O O-O 13.Bg5 Qd6 14.Rae1 Bb7 15.Ne5 c5
16.Bxf6 Nxf6 17.Rxf6 gxf6 18.Qg4+ Kh8 19.Qh4 f5 20.Qf6+ Kg8 21.Re3 f4 22.Bxh7+
{#r} 1-0

[Event "St Louis Winter IM 2017"]
[Site "masterchessopen.com Saint Louis USA"]
[Date "2017.02.16"]
[Round "1.2"]
[White "Colas,Joshua"]
[Black "Grabinsky,Aaron"]
[Result "1-0"]
[WhiteElo "2317"]
[BlackElo "2372"]

1.g3 Nf6 2.Bg2 e6 3.Nf3 b6 4.O-O Bb7 5.c4 c5 6.Nc3 Ne4 7.Nxe4 Bxe4 8.d4 cxd4
9.Qxd4 d5 10.Bg5 f6 11.cxd5 Qxd5 12.Bxf6 Nc6 13.Qxd5 Bxd5 14.Bc3 h6 15.Rfe1
Nb4 16.e4 Bb7 17.Re2 Nc6 18.Rd1 Rh7 19.Bh3 Bc8 20.Red2 g5 21.Ne5 Nxe5 22.Rd8+
Kf7 23.Bxe5 Be7 24.R8d3 Bf6 25.Rf3 {#r} 1-0

[Event "St Louis Winter IM 2017"]
[Site "masterchessopen.com Saint Louis USA"]
[Date "2017.02.16"]
[Round "1.3"]
[White "Williams,Justus D"]
[Black "Brooks,M"]
[Result "1-0"]
[WhiteElo "2333"]
[BlackElo "2384"]

1.Nf3 d6 2.c4 e5 3.Nc3 g6 4.g3 Bg7 5.Bg2 Nc6 6.Rb1 f5 7.O-O Nf6 8.b4 O-O 9.b5
Ne7 10.d3 h6 11.Ba3 g5 12.c5 f4 13.cxd6 cxd6 14.Nd2 Nf5 15.Nc4 Rf7 16.e4 Nd4
17.Nxd6 Bg4 18.Nxf7 Kxf7 19.f3 Be6 20.Qd2 Rc8 21.Rf2 h5 22.Rc1 h4 23.g4 Qb6
24.Kh1 Bf8 25.Bxf8 Rxf8 26.Qb2 Rd8 27.h3 Qa5 28.Ne2 Nxe2 29.Rxe2 Rd4 30.Rec2
Nd7 31.Rc7 b6 32.Qc2 Kf6 33.Qc6 Qxa2 34.Qa8 Rxd3 35.Qh8+ Kg6 36.Qh5+ Kf6
37.Qh6+ Kf7 38.Qxg5 Rd2 39.Qh5+ Kf6 40.g5+ Ke7 41.Rc8 Bf7 42.Qh8 Nc5 43.Qf8+
Ke6 44.Qh6+ Kd7 45.Qc6+ Ke7 46.Qf6+ Kd7 47.Rd8+ {#r} 1-0

[Event "WCh Women 2017"]
[Site "masterchessopen.com Tehran IRI"]
[Date "2017.02.15"]
[Round "2.2"]
[White "Dzagnidze,N"]
[Black "Zimina,O"]
[Result "1-0"]
[WhiteElo "2525"]
[BlackElo "2401"]

1.c4 e5 2.Nc3 Bb4 3.g3 Bxc3 4.bxc3 Nc6 5.Bg2 d6 6.d3 f5 7.Rb1 Nf6 8.Nh3 O-O
9.O-O Qe8 10.f4 e4 11.Nf2 Rf7 12.Qb3 b6 13.Be3 Bb7 14.Bd4 Na5 15.Qc2 Nd7
16.Nd1 c5 17.Bf2 Nf6 18.Ne3 Qe6 19.Rfd1 Re8 20.Rb2 h6 21.Qc1 g5 22.fxg5 hxg5
23.Nd5 Rg7 24.Nxf6+ Qxf6 25.Rf1 f4 26.gxf4 gxf4 27.Bg3 e3 28.Bxb7 Nxb7 29.Kh1
Rg4 30.Rb1 Re5 31.Rf3 Qh6 32.Bxf4 Rxf4 33.Qg1+ Kh8 34.Rxf4 Qxf4 35.Qg2 Rh5
36.Rf1 Qe5 37.Rg1 Rxh2+ 38.Qxh2+ Qxh2+ 39.Kxh2 Kh7 40.Rg3 Nd8 41.Rxe3 Kg6
42.Re7 Kf6 43.Rxa7 Ne6 44.Kg3 {#r} 1-0

[Event "WCh Women 2017"]
[Site "masterchessopen.com Tehran IRI"]
[Date "2017.02.15"]
[Round "2.2"]
[White "Ni,Shiqun"]
[Black "Gunina,V"]
[Result "1-0"]
[WhiteElo "2399"]
[BlackElo "2524"]

1.e4 c5 2.Nf3 Nc6 3.c3 d5 4.exd5 Qxd5 5.d4 Bg4 6.Be2 e6 7.h3 Bf5 8.Be3 cxd4
9.Nxd4 O-O-O 10.O-O Bd6 11.Nd2 Nge7 12.Qb3 Bb8 13.Rfd1 Qa5 14.Nb5 Rd5 15.Nc4
Qd8 16.Bf3 b6 17.Qa3 Kd7 18.Ncd6 Bg6 19.c4 Ne5 20.Be2 Bc2 21.cxd5 Nxd5 22.Rd2
Bg6 23.Nc4 Qf6 24.Nc3 Nxc4 25.Bxc4 Qe5 26.Nxd5 Qh2+ 27.Kf1 exd5 28.Rxd5+ Ke6
29.Re5+ Kxe5 30.Qe7+ {#r} 1-0